Normal view
MARC view
Entry Topical Term
001 - CONTROL NUMBER
- control field: 58709
003 - CONTROL NUMBER IDENTIFIER
- control field: OSt
005 - DATE AND TIME OF LATEST TRANSACTION
- control field: 20250930130126.0
008 - FIXED-LENGTH DATA ELEMENTS
- fixed length control field: 250930|| aca||aabn | a|a d
040 ## - CATALOGING SOURCE
- Original cataloging agency: OSt
- Transcribing agency: OSt
600 ## -
- : Christian education
- : Teaching methods
670 ## - SOURCE DATA FOUND
- Source citation: Work cat.: (OSt)68691: Reimer, Kathie, 1945- 58706, 1001 ways to introduce your child to God /, c1992.
